000
00340nam a2200145Ia 4500
008
150201s2007 xx 000 0 und d
082
_a
617.71
_b
DO7S
100
_a
SHIOTA,R
245
_a
PERSON DISEASES OF THE EYE
250
_a
20TH
260
_b
ELESEVIER
_a
NOIDA
_c
2007
300
_a
1-576
650
_a
OPHTHALMOLOGY
942
_2
ddc
_c
BK
_0
2
999
_c
350
_d
350